[Event "18PCRE_F"]
[Site "?"]
[Date "2008.??.??"]
[Round "1"]
[White "Prchly, Milos"]
[Black "Pirhala, Ladislav"]
[Result "1/2-1/2"]
[WhiteElo "2263"]
[BlackElo "2176"]
[PlyCount "49"]
[EventDate "2008.??.??"]
[EventType "corr"]
[WhiteTeam "CZ"]
[BlackTeam "CZ"]

1. d4 Nf6 2. c4 e6 3. Nc3 Bb4 4. e3 O-O 5. Bd3 d5 6. Nf3 c5 7. O-O Nc6 8. a3
Bxc3 9. bxc3 dxc4 10. Bxc4 Qc7 11. Bd3 e5 12. Qc2 Re8 13. e4 exd4 14. cxd4 Bg4
15. Qxc5 Nxe4 16. Bxe4 Rxe4 17. Ne5 Be6 18. Be3 f6 19. Nxc6 Qxc6 20. Qxc6 bxc6
21. Rfe1 Bd5 22. f3 Re7 23. h4 Kf7 24. Bf4 Rae8 25. Rxe7+ 1/2-1/2

[Event "18PCRE_F"]
[Site "?"]
[Date "2008.??.??"]
[Round "1"]
[White "Splichal, Josef"]
[Black "Pirhala, Ladislav"]
[Result "1/2-1/2"]
[WhiteElo "2140"]
[BlackElo "2176"]
[PlyCount "63"]
[EventDate "2008.??.??"]
[EventType "corr"]

1. e4 c6 2. d4 d5 3. Nc3 dxe4 4. Nxe4 Bf5 5. Ng3 Bg6 6. h4 h6 7. Nf3 Nd7 8. h5
Bh7 9. Bd3 Bxd3 10. Qxd3 e6 11. Bf4 Qa5+ 12. c3 Ngf6 13. Qd2 Rd8 14. O-O Be7
15. Rfd1 O-O 16. c4 Qxd2 17. Rxd2 Rc8 18. a4 Rfd8 19. Rdd1 c5 20. d5 exd5 21.
cxd5 Bf8 22. d6 Re8 23. Ra3 Re6 24. Rad3 Rc6 25. b4 a6 26. bxc5 Rxc5 27. Kf1
Re8 28. Be3 Ra5 29. Rd4 b5 30. axb5 Rxb5 31. Rc4 a5 32. Kg1 1/2-1/2

[Event "18PCRE_F"]
[Site "?"]
[Date "2008.??.??"]
[Round "?"]
[White "Binas, Jindrich"]
[Black "Juhasz, Jozef"]
[Result "1/2-1/2"]
[WhiteElo "2132"]
[BlackElo "2209"]
[PlyCount "77"]
[EventDate "2008.??.??"]
[EventType "corr"]

1. e4 e5 2. Nf3 Nc6 3. Bc4 Bc5 4. c3 Nf6 5. d3 d6 6. Bb3 O-O 7. Bg5 h6 8. Bh4
a5 9. O-O g5 10. Bg3 g4 11. Nh4 Nh5 12. Kh1 Qg5 13. a4 Kh8 14. Na3 f5 15. Nxf5
Bxf5 16. exf5 Rxf5 17. Be6 Nxg3+ 18. fxg3 Rxf1+ 19. Qxf1 Qg7 20. Qe2 Rf8 21.
Nc4 Rf6 22. Bxg4 d5 23. Nd2 Rf2 24. Qd1 Qg5 25. Nb3 Be3 26. Be6 d4 27. Nc5 Qg6
28. Ne4 Rxb2 29. Ra2 dxc3 30. Nxc3 Rd2 31. Rxd2 Bxd2 32. Qxd2 Qxe6 33. Nb5 Kg7
34. Qe2 Qf5 35. h4 Qd7 36. Kh2 Kf6 37. Qe4 Kg7 38. g4 Qf7 39. Kg3 1/2-1/2

[Event "18PCRE_F"]
[Site "?"]
[Date "2008.??.??"]
[Round "?"]
[White "Binas, Jindrich"]
[Black "Kudr, Roman"]
[Result "1-0"]
[WhiteElo "2132"]
[BlackElo "2182"]
[PlyCount "47"]
[EventDate "2008.??.??"]
[EventType "corr"]

1. e4 e5 2. Nf3 Nf6 3. Nxe5 d6 4. Nf3 Nxe4 5. d4 d5 6. Bd3 Nc6 7. O-O Be7 8. c4
Nb4 9. Be2 O-O 10. Nc3 Be6 11. Ne5 f6 12. Nf3 f5 13. a3 Nc6 14. Nxd5 Bxd5 15.
cxd5 Qxd5 16. Bf4 Bf6 17. Rc1 Kh8 18. Bc4 Qd8 19. Ba6 Rb8 20. Bxb7 Rxb7 21.
Rxc6 Rxb2 22. Qc1 Ra2 23. Rxc7 Bxd4 24. Be5 1-0

[Event "18PCRE_F"]
[Site "?"]
[Date "2008.??.??"]
[Round "?"]
[White "Binas, Jindrich"]
[Black "Kyhos, Alois"]
[Result "1/2-1/2"]
[WhiteElo "2132"]
[BlackElo "2121"]
[PlyCount "53"]
[EventDate "2008.??.??"]
[EventType "corr"]

1. e4 e5 2. Nf3 Nc6 3. Bc4 Nf6 4. d3 Be7 5. O-O O-O 6. Re1 d6 7. a4 Be6 8. Nbd2
Qd7 9. c3 Rfe8 10. h3 a6 11. a5 Bf8 12. Ng5 Bxc4 13. dxc4 h6 14. Ngf3 Nd8 15.
Nf1 Ne6 16. Qc2 Qc6 17. N3d2 g6 18. Ne3 Rad8 19. Nd5 Bg7 20. b3 Nh5 21. Nf3 Qd7
22. g3 Nef4 23. gxf4 Qxh3 24. Qd3 c6 25. Nb4 Nxf4 26. Bxf4 exf4 27. Rac1
1/2-1/2

[Event "18PCRE_F"]
[Site "?"]
[Date "2008.??.??"]
[Round "?"]
[White "Binas, Jindrich"]
[Black "Prchly, Milos"]
[Result "1/2-1/2"]
[WhiteElo "2132"]
[BlackElo "2263"]
[PlyCount "47"]
[EventDate "2008.??.??"]
[EventType "corr"]

1. e4 c5 2. Nf3 d6 3. d4 cxd4 4. Nxd4 Nf6 5. Nc3 g6 6. Be3 Bg7 7. f3 O-O 8. Qd2
Nc6 9. O-O-O d5 10. exd5 Nxd5 11. Nxc6 bxc6 12. Nxd5 cxd5 13. Qxd5 Qc7 14. Qc5
Qb7 15. Qa3 Bf5 16. Bd3 Rfb8 17. c3 Bxc3 18. Qxc3 Bxd3 19. Rxd3 Rc8 20. Bc5
Rxc5 21. Qxc5 Rc8 22. Qxc8+ Qxc8+ 23. Kb1 Kg7 24. Rhd1 1/2-1/2

[Event "18PCRE_F"]
[Site "?"]
[Date "2008.??.??"]
[Round "?"]
[White "Binas, Jindrich"]
[Black "Ryska, Jiri"]
[Result "1/2-1/2"]
[WhiteElo "2132"]
[BlackElo "2073"]
[PlyCount "55"]
[EventDate "2008.??.??"]
[EventType "corr"]

1. e4 e5 2. Nf3 Nc6 3. Bc4 Bc5 4. c3 Nf6 5. d3 d6 6. Bb3 O-O 7. h3 Be6 8. Nbd2
a6 9. Bxe6 fxe6 10. b4 Ba7 11. O-O Qe8 12. a4 Nh5 13. Kh2 Ne7 14. Nc4 Nf4 15.
g3 Nh5 16. Be3 Bxe3 17. Nxe3 Qg6 18. Qe2 Nc6 19. Nc4 Nd8 20. b5 Nf7 21. Rfb1 b6
22. bxa6 Rxa6 23. a5 bxa5 24. Rb7 c5 25. Rxa5 Rxa5 26. Nxa5 Nf6 27. Nc6 Kh8 28.
Nd2 1/2-1/2

[Event "18PCRE_F"]
[Site "?"]
[Date "2008.??.??"]
[Round "?"]
[White "Binas, Jindrich"]
[Black "Trs, Jan"]
[Result "1-0"]
[WhiteElo "2132"]
[BlackElo "2158"]
[PlyCount "61"]
[EventDate "2008.??.??"]
[EventType "corr"]

1. e4 c6 2. d4 d5 3. e5 Bf5 4. Nf3 e6 5. Be2 c5 6. Be3 Qb6 7. Nc3 Nc6 8. O-O
Qxb2 9. Nb5 O-O-O 10. dxc5 Qxc2 11. Qe1 Qa4 12. Nbd4 Nge7 13. Bb5 Qa5 14. Bd2
Qa3 15. Rc1 Be4 16. Rc3 Qa5 17. Bxc6 Nxc6 18. Qe3 Bxf3 19. Nxc6 bxc6 20. Qxf3
Be7 21. Rb3 Qc7 22. Rfb1 Bxc5 23. Ba5 Qxe5 24. Qe2 Bd6 25. Qa6+ Kd7 26. Rb7+
Ke8 27. Qxc6+ Kf8 28. Bxd8 Qxh2+ 29. Kf1 h6 30. Be7+ Bxe7 31. Qc8+ 1-0

[Event "18PCRE_F"]
[Site "?"]
[Date "2008.??.??"]
[Round "?"]
[White "Bultman, Milan"]
[Black "Binas, Jindrich"]
[Result "1-0"]
[WhiteElo "2193"]
[BlackElo "2132"]
[PlyCount "20"]
[EventDate "2008.??.??"]
[EventType "corr"]

1. d4 Nf6 2. Nf3 d5 3. c4 e6 4. Nc3 c6 5. e3 Nbd7 6. Bd3 dxc4 7. Bxc4 b5 8. Bd3
Bb7 9. O-O a6 10. a4 b4 1-0

[Event "18PCRE_F"]
[Site "?"]
[Date "2008.??.??"]
[Round "?"]
[White "Bultman, Milan"]
[Black "Canibal, Jaromir"]
[Result "1/2-1/2"]
[WhiteElo "2194"]
[BlackElo "2226"]
[PlyCount "55"]
[EventDate "2008.??.??"]
[EventType "corr"]

1. d4 Nf6 2. Nf3 g6 3. c4 Bg7 4. Nc3 O-O 5. e4 d6 6. Be2 e5 7. dxe5 dxe5 8.
Qxd8 Rxd8 9. Bg5 Re8 10. Nd5 Nxd5 11. cxd5 c6 12. O-O cxd5 13. exd5 h6 14. Be3
Rd8 15. Bc4 Nd7 16. Bb3 e4 17. Nd2 Nf6 18. Rfd1 Bg4 19. f3 exf3 20. Nxf3 a5 21.
Rac1 b5 22. a3 a4 23. Ba2 Ne8 24. Bd4 Rac8 25. Bxg7 Kxg7 26. Kf2 Kf6 27. h3
Bxf3 28. Kxf3 1/2-1/2

[Event "18PCRE_F"]
[Site "?"]
[Date "2008.??.??"]
[Round "?"]
[White "Bultman, Milan"]
[Black "Cvak, Rudolf"]
[Result "1/2-1/2"]
[WhiteElo "2193"]
[BlackElo "2264"]
[PlyCount "64"]
[EventDate "2008.??.??"]
[EventType "corr"]

1. d4 d5 2. Nf3 Nf6 3. c4 c6 4. Nc3 a6 5. Qb3 e6 6. g3 dxc4 7. Qxc4 b5 8. Qd3
Bb7 9. Bg2 c5 10. O-O Nc6 11. Rd1 Qb6 12. Be3 Rd8 13. dxc5 Bxc5 14. Bxc5 Qxc5
15. Ne4 Nxe4 16. Qxe4 O-O 17. Rdc1 Qd5 18. Qxd5 Rxd5 19. Ng5 Rxg5 20. Bxc6 Bxc6
21. Rxc6 Rd8 22. Rac1 h6 23. Rxa6 Rd2 24. e4 Rxb2 25. Rc7 f5 26. Rxe6 fxe4 27.
Re8+ Kh7 28. Rxe4 Rxa2 29. Rf4 Rd2 30. h4 Rg6 31. Rb7 Rd5 32. Kg2 Kg8 1/2-1/2

[Event "18PCRE_F"]
[Site "?"]
[Date "2008.??.??"]
[Round "?"]
[White "Bultman, Milan"]
[Black "Kudr, Roman"]
[Result "1/2-1/2"]
[WhiteElo "2193"]
[BlackElo "2182"]
[PlyCount "91"]
[EventDate "2008.??.??"]
[EventType "corr"]

1. d4 Nf6 2. Nf3 g6 3. c4 Bg7 4. Nc3 d5 5. Bg5 dxc4 6. e4 c5 7. d5 Qa5 8. Bd2
b5 9. e5 Ng4 10. d6 exd6 11. Ne4 Qa6 12. Nxd6+ Kf8 13. Bf4 Nc6 14. h3 Ngxe5 15.
Nxe5 Nxe5 16. Qd5 Qc6 17. O-O-O Be6 18. Qxc6 Nxc6 19. Nxb5 Rc8 20. Bd6+ Kg8 21.
Nc7 c3 22. bxc3 Bxc3 23. Nxe6 fxe6 24. Ba6 Rd8 25. Bxc5 Kf7 26. Rxd8 Rxd8 27.
Rd1 Rxd1+ 28. Kxd1 Bd4 29. Bxd4 Nxd4 30. Kd2 Ke7 31. Kc3 e5 32. Bc4 Nf5 33. Bd5
Kd6 34. Kc4 Nd4 35. Bg8 h6 36. Bf7 g5 37. Kd3 Nc6 38. Ke4 Nd4 39. Bc4 a5 40. g3
a4 41. Bd3 a3 42. Bc4 Nc6 43. h4 gxh4 44. gxh4 Nd4 45. f4 Kc5 46. Bf7 1/2-1/2

[Event "18PCRE_F"]
[Site "?"]
[Date "2008.??.??"]
[Round "?"]
[White "Bultman, Milan"]
[Black "Struzka, Vlastimil"]
[Result "1/2-1/2"]
[WhiteElo "2193"]
[BlackElo "2096"]
[PlyCount "71"]
[EventDate "2008.??.??"]
[EventType "corr"]

1. d4 d5 2. Nf3 Nf6 3. c4 c6 4. Nc3 dxc4 5. a4 Bf5 6. e3 e6 7. Bxc4 Be7 8. Qe2
Bg4 9. h3 Bh5 10. O-O O-O 11. Rd1 Qa5 12. e4 Nbd7 13. g4 Bg6 14. Bf4 h6 15. Ne5
Nxe5 16. dxe5 Nh7 17. Bd2 Qc5 18. Kg2 Rfd8 19. f4 Nf8 20. a5 Bh4 21. Be3 Qb4
22. Rxd8 Bxd8 23. Ra4 Qe7 24. Qd1 Bh7 25. Qd6 Qd7 26. f5 Be7 27. Qd4 Qc7 28.
Bf4 Kh8 29. Ra1 a6 30. Qe3 Nd7 31. f6 Bf8 32. fxg7+ Bxg7 33. Bxh6 Bxe5 34. Rf1
Bg6 35. h4 Rg8 36. Be2 1/2-1/2

[Event "18PCRE_F"]
[Site "?"]
[Date "2008.??.??"]
[Round "?"]
[White "Bultman, Milan"]
[Black "Trs, Jan"]
[Result "0-1"]
[WhiteElo "2193"]
[BlackElo "2158"]
[PlyCount "96"]
[EventDate "2008.??.??"]
[EventType "corr"]

1. d4 Nf6 2. Nf3 d5 3. c4 e6 4. Nc3 c6 5. e3 Nbd7 6. Bd3 dxc4 7. Bxc4 b5 8. Bd3
Bb7 9. O-O a6 10. a4 b4 11. Ne4 c5 12. Nxf6+ Nxf6 13. Qe2 Qd5 14. Re1 Qh5 15.
e4 cxd4 16. e5 Bxf3 17. gxf3 Nd7 18. Bxa6 Qxe5 19. Qxe5 Nxe5 20. Bb5+ Nd7 21.
Bf4 Kd8 22. Rac1 Rc8 23. Rxc8+ Kxc8 24. Rd1 e5 25. Bxd7+ Kxd7 26. Bxe5 Ke6 27.
Bxd4 Bd6 28. b3 Rc8 29. Kg2 g6 30. a5 Rc6 31. Ra1 Ra6 32. Bb6 Kd5 33. Rc1 Ra8
34. h3 f5 35. Rc4 h6 36. f4 Ra6 37. Kf3 Ra8 38. Rc2 g5 39. fxg5 hxg5 40. Ra2
Kc6 41. a6 Kxb6 42. Rd2 Bc5 43. Kg3 Rxa6 44. h4 gxh4+ 45. Kxh4 Ra3 46. Rd3
Bxf2+ 47. Kg5 Ra5 48. Rd6+ Kc5 0-1

[Event "18PCRE_F"]
[Site "?"]
[Date "2008.??.??"]
[Round "?"]
[White "Canibal, Jaromir"]
[Black "Binas, Jindrich"]
[Result "1/2-1/2"]
[WhiteElo "2236"]
[BlackElo "2132"]
[PlyCount "47"]
[EventDate "2008.??.??"]
[EventType "corr"]

1. e4 c5 2. c3 Nf6 3. e5 Nd5 4. d4 cxd4 5. Nf3 Nc6 6. cxd4 d6 7. Bc4 Nb6 8. Bb5
dxe5 9. Nxe5 Bd7 10. Nc3 e6 11. O-O Nxe5 12. dxe5 Bxb5 13. Nxb5 a6 14. Nd6+
Bxd6 15. exd6 Nd5 16. Bf4 O-O 17. Bg3 Qd7 18. Rc1 Rac8 19. Qd4 Rxc1 20. Rxc1
Rc8 21. Rxc8+ Qxc8 22. h4 f6 23. h5 Qc6 24. Kh2 1/2-1/2

[Event "18PCRE_F"]
[Site "?"]
[Date "2008.??.??"]
[Round "?"]
[White "Canibal, Jaromir"]
[Black "Cvak, Rudolf"]
[Result "1/2-1/2"]
[WhiteElo "2236"]
[BlackElo "2264"]
[PlyCount "121"]
[EventDate "2008.??.??"]
[EventType "corr"]

1. e4 e6 2. d4 d5 3. Nd2 c5 4. exd5 exd5 5. Bb5+ Bd7 6. Qe2+ Qe7 7. Bxd7+ Nxd7
8. dxc5 Nxc5 9. Nb3 Na4 10. c3 Qxe2+ 11. Nxe2 Nf6 12. Ned4 Kd7 13. O-O Re8 14.
Rd1 b6 15. Rb1 Bc5 16. h3 Ne4 17. Bf4 Rhg8 18. Kf1 g5 19. Bh2 Bd6 20. Bxd6 Nxd6
21. Nc2 Nc4 22. Rxd5+ Ke6 23. Nb4 Kf6 24. Kg1 Re2 25. Nd4 Rxb2 26. Rxb2 Naxb2
27. Rf5+ Kg6 28. Nd5 Re8 29. Rf6+ Kg7 30. Nf5+ Kf8 31. Rc6 Nd2 32. h4 g4 33.
Nde3 Nd1 34. Nxg4 h5 35. Nge3 Nxe3 36. fxe3 Kg8 37. Rc8 Rxc8 38. Ne7+ Kg7 39.
Nxc8 Nc4 40. Nxa7 Nxe3 41. Nc8 Nc4 42. Kf2 Kf6 43. Kf3 Ke5 44. g4 hxg4+ 45.
Kxg4 f5+ 46. Kf3 Nd2+ 47. Kg2 Nc4 48. Kg3 f4+ 49. Kf3 Nd2+ 50. Ke2 Ne4 51. c4
Nc3+ 52. Kf3 Nxa2 53. Nxb6 Nb4 54. Kg4 Nd3 55. Nd5 Nf2+ 56. Kf3 Nd3 57. h5 Kf5
58. Ke2 Ne5 59. c5 f3+ 60. Ke3 f2 61. Kxf2 1/2-1/2

[Event "18PCRE_F"]
[Site "?"]
[Date "2008.??.??"]
[Round "?"]
[White "Canibal, Jaromir"]
[Black "Juhasz, Jozef"]
[Result "1-0"]
[WhiteElo "2236"]
[BlackElo "2209"]
[PlyCount "105"]
[EventDate "2008.??.??"]
[EventType "corr"]

1. e4 e5 2. Nf3 Nc6 3. Bb5 a6 4. Ba4 Nf6 5. O-O Be7 6. Re1 b5 7. Bb3 d6 8. c3
O-O 9. h3 Na5 10. Bc2 c5 11. d4 Qc7 12. d5 Nd7 13. Nbd2 Nb6 14. Nf1 f5 15. exf5
Bxf5 16. Bxf5 Rxf5 17. Ng3 Rf7 18. Ne4 Raf8 19. b3 Rf5 20. Nfg5 Bxg5 21. Bxg5
Nb7 22. Qd2 Qf7 23. Rad1 h6 24. Be3 Rh5 25. Qd3 Rh4 26. f3 Qe8 27. a4 Qd7 28.
axb5 axb5 29. Ra1 Rh5 30. Ra6 Nc8 31. Rea1 Rhf5 32. Bf2 Rf4 33. R1a2 R4f5 34.
Rc6 R5f7 35. Raa6 Kh8 36. Ra8 Ne7 37. Rxf8+ Rxf8 38. Rb6 Nc8 39. Rxb5 Na7 40.
Rb6 Nc8 41. Ra6 Ne7 42. b4 cxb4 43. cxb4 Rb8 44. b5 Qc7 45. Rc6 Qd7 46. Bb6 Rc8
47. Qc4 h5 48. h4 Kg8 49. Rc7 Rxc7 50. Bxc7 Qc8 51. b6 Nf5 52. Qc6 Nd4 53. Nxd6
1-0

[Event "18PCRE_F"]
[Site "?"]
[Date "2008.??.??"]
[Round "?"]
[White "Canibal, Jaromir"]
[Black "Kudr, Roman"]
[Result "1-0"]
[WhiteElo "2236"]
[BlackElo "2182"]
[PlyCount "111"]
[EventDate "2008.??.??"]
[EventType "corr"]

1. e4 e5 2. Nc3 Nf6 3. g3 Bc5 4. Bg2 O-O 5. Nge2 Nc6 6. O-O d6 7. Na4 h6 8. d3
Re8 9. Nxc5 dxc5 10. f4 b6 11. Be3 Bb7 12. Nc3 a5 13. fxe5 Nxe5 14. h3 Qd6 15.
Qe2 Rad8 16. Rad1 Bc6 17. b3 Qe6 18. a4 Rd6 19. Rf5 Qd7 20. Rdf1 Rde6 21. Kh2
Kh7 22. Nd1 Qe7 23. Bc1 Nfd7 24. Ne3 Rf6 25. h4 Kg8 26. Bh3 Qd6 27. R5f4 Qd4
28. h5 Kh8 29. Qd2 Qa1 30. Nf5 Rxf5 31. Rxf5 Qd4 32. Qe3 Qd6 33. Rxf7 Nxf7 34.
Rxf7 Ne5 35. Rf2 Bd7 36. Qf4 Qd4 37. Kg2 Bxh3+ 38. Kxh3 Qd7+ 39. Qf5 Kg8 40.
Qxd7 Nxd7 41. Bf4 Rf8 42. Kg2 c6 43. Bd6 Re8 44. Rf5 Re6 45. e5 g6 46. hxg6
Rxg6 47. Kf3 Re6 48. Kf4 Kg7 49. Rh5 Kg6 50. Rh4 h5 51. g4 hxg4 52. Rxg4+ Kh7
53. Kf5 Rh6 54. c4 b5 55. cxb5 cxb5 56. axb5 1-0

[Event "18PCRE_F"]
[Site "?"]
[Date "2008.??.??"]
[Round "?"]
[White "Canibal, Jaromir"]
[Black "Struzka, Vlastimil"]
[Result "1-0"]
[WhiteElo "2236"]
[BlackElo "2096"]
[PlyCount "41"]
[EventDate "2008.??.??"]
[EventType "corr"]

1. e4 e5 2. Nf3 Nc6 3. Bb5 a6 4. Ba4 Nf6 5. O-O Be7 6. Re1 b5 7. Bb3 d6 8. c3
O-O 9. h3 Bb7 10. d4 Na5 11. Bc2 c5 12. d5 Bc8 13. Nbd2 Bd7 14. b3 Qc7 15. Nf1
Rfb8 16. Ng3 Nb7 17. Be3 g6 18. Qe2 Rc8 19. a4 bxa4 20. bxa4 Rcb8 21. Ng5 1-0

[Event "18PCRE_F"]
[Site "?"]
[Date "2008.??.??"]
[Round "?"]
[White "Canibal, Jaromir"]
[Black "Trs, Jan"]
[Result "1-0"]
[WhiteElo "2236"]
[BlackElo "2158"]
[PlyCount "87"]
[EventDate "2008.??.??"]
[EventType "corr"]

1. e4 c6 2. d4 d5 3. exd5 cxd5 4. c4 Nf6 5. Nc3 e6 6. Nf3 Be7 7. cxd5 Nxd5 8.
Bc4 Nc6 9. O-O O-O 10. a3 a6 11. Ba2 Nxc3 12. bxc3 b5 13. a4 Bb7 14. Rb1 Qc7
15. Qd3 bxa4 16. Ng5 Bxg5 17. Bxg5 h6 18. Bh4 Ne7 19. f3 Nd5 20. c4 Nf4 21. Qc2
g5 22. Bg3 Bc6 23. Rbd1 Rab8 24. Bb1 f5 25. Ba2 Kg7 26. Rfe1 Rf6 27. Bxf4 gxf4
28. Qc3 Re8 29. Kh1 Kg6 30. Re5 Rd8 31. Qe1 Kg7 32. c5 Bd5 33. Bxd5 Rxd5 34.
Rxe6 Rxe6 35. Qxe6 Rd8 36. c6 a3 37. d5 a2 38. h3 a5 39. Kh2 a4 40. Qe2 a1=Q
41. Rxa1 Ra8 42. Qc4 Rc8 43. Qd4+ Kg6 44. Re1 1-0

[Event "18PCRE_F"]
[Site "?"]
[Date "2008.??.??"]
[Round "?"]
[White "Cvak, Rudolf"]
[Black "Binas, Jindrich"]
[Result "1-0"]
[WhiteElo "2264"]
[BlackElo "2132"]
[PlyCount "42"]
[EventDate "2008.??.??"]
[EventType "corr"]

1. e4 c5 2. Nf3 Nc6 3. d4 cxd4 4. Nxd4 Nf6 5. Nc3 e5 6. Ndb5 d6 7. Nd5 Nxd5 8.
exd5 Nb8 9. c4 Be7 10. Be2 O-O 11. c5 Na6 12. cxd6 Bxd6 13. O-O Bc5 14. Qb3 Qb6
15. Be3 Bd7 16. Na3 Rfd8 17. Bxa6 bxa6 18. Nc4 Qxb3 19. axb3 Bf8 20. Nxe5 Bf5
21. Ra5 Bd3 1-0

[Event "18PCRE_F"]
[Site "?"]
[Date "2008.??.??"]
[Round "?"]
[White "Cvak, Rudolf"]
[Black "Juhasz, Jozef"]
[Result "1/2-1/2"]
[WhiteElo "2264"]
[BlackElo "2209"]
[PlyCount "63"]
[EventDate "2008.??.??"]
[EventType "corr"]

1. e4 e5 2. Nc3 Nc6 3. Bc4 Nf6 4. d3 Na5 5. Nge2 Nxc4 6. dxc4 d6 7. Qd3 c6 8.
O-O Be6 9. b3 Be7 10. Ng3 h5 11. Bg5 h4 12. Nf5 Bxf5 13. exf5 h3 14. gxh3 Nh5
15. Bd2 Qc7 16. a4 O-O-O 17. a5 Nf6 18. a6 b6 19. f4 Nh5 20. Kg2 Nxf4+ 21. Bxf4
exf4 22. Rxf4 Bf6 23. Rf3 Qe7 24. Raf1 Rh4 25. Re3 Be5 26. Ne4 Kc7 27. f6 Qf8
28. Kh1 g6 29. b4 Qe8 30. b5 Qd7 31. Rd1 Bf4 32. Rf3 1/2-1/2

[Event "18PCRE_F"]
[Site "?"]
[Date "2008.??.??"]
[Round "?"]
[White "Cvak, Rudolf"]
[Black "Kudr, Roman"]
[Result "1/2-1/2"]
[WhiteElo "2264"]
[BlackElo "2182"]
[PlyCount "67"]
[EventDate "2008.??.??"]
[EventType "corr"]

1. e4 e5 2. Nf3 Nf6 3. Nxe5 d6 4. Nf3 Nxe4 5. Nc3 Nxc3 6. dxc3 Be7 7. Bf4 O-O
8. Qd2 Nd7 9. O-O-O Nc5 10. Nd4 Re8 11. f3 Ne6 12. Be3 a5 13. Bd3 Nc5 14. Bf5
a4 15. a3 Nd7 16. Rhe1 Ra5 17. Bg5 Bxg5 18. Rxe8+ Qxe8 19. Qxg5 Ne5 20. Qe3
Bxf5 21. Nxf5 Qd7 22. Nd4 g6 23. Qe4 Nc6 24. Nxc6 Qxc6 25. Qxc6 bxc6 26. Rd4 c5
27. Re4 Kf8 28. c4 Ra8 29. Kd2 f6 30. Kc3 Kf7 31. Re1 c6 32. b4 axb3 33. Kxb3
Rb8+ 34. Kc3 1/2-1/2

[Event "18PCRE_F"]
[Site "?"]
[Date "2008.??.??"]
[Round "?"]
[White "Cvak, Rudolf"]
[Black "Prchly, Milos"]
[Result "1/2-1/2"]
[WhiteElo "2264"]
[BlackElo "2263"]
[PlyCount "51"]
[EventDate "2008.??.??"]
[EventType "corr"]

1. e4 c5 2. Nf3 d6 3. d4 cxd4 4. Nxd4 Nf6 5. Nc3 g6 6. Be3 Bg7 7. f3 O-O 8. Qd2
Nc6 9. Bc4 Bd7 10. h4 Ne5 11. Bb3 h5 12. O-O-O Rc8 13. Bg5 Rc5 14. Kb1 Re8 15.
g4 hxg4 16. h5 Nxh5 17. Rxh5 gxh5 18. Qh2 Ng6 19. Qxh5 Qa5 20. f4 Rxc3 21. bxc3
Qxc3 22. Bxf7+ Kxf7 23. f5 Qb4+ 24. Kc1 Qa3+ 25. Kb1 Qb4+ 26. Kc1 1/2-1/2

[Event "18PCRE_F"]
[Site "?"]
[Date "2008.??.??"]
[Round "?"]
[White "Cvak, Rudolf"]
[Black "Struzka, Vlastimil"]
[Result "1-0"]
[WhiteElo "2264"]
[BlackElo "2096"]
[PlyCount "49"]
[EventDate "2008.??.??"]
[EventType "corr"]

1. e4 e5 2. f4 exf4 3. Nf3 g5 4. h4 g4 5. Ne5 d5 6. d4 Bd6 7. exd5 Qe7 8. Bxf4
f6 9. Qe2 fxe5 10. dxe5 Bb4+ 11. Nd2 h6 12. c3 Bc5 13. Qe4 Qf8 14. Bd3 Kd8 15.
Rf1 Qg7 16. O-O-O g3 17. Nb3 Bf2 18. d6 c6 19. e6 Bxe6 20. Qxe6 Nd7 21. Rfe1
Bxe1 22. Rxe1 Qf8 23. Bf5 Ngf6 24. Be5 Nxe5 25. Rxe5 1-0

[Event "18PCRE_F"]
[Site "?"]
[Date "2008.??.??"]
[Round "?"]
[White "Cvak, Rudolf"]
[Black "Trs, Jan"]
[Result "1/2-1/2"]
[WhiteElo "2264"]
[BlackElo "2158"]
[PlyCount "131"]
[EventDate "2008.??.??"]
[EventType "corr"]

1. e4 c5 2. Nf3 d6 3. d4 cxd4 4. Nxd4 Nf6 5. Nc3 e6 6. g4 Nc6 7. g5 Nd7 8. Be3
a6 9. Rg1 Qc7 10. Qh5 g6 11. Qh4 Bg7 12. O-O-O b5 13. a3 b4 14. axb4 Nxb4 15.
f4 e5 16. Qf2 exd4 17. Bxd4 f6 18. gxf6 Nxf6 19. e5 dxe5 20. Bxe5 Ng4 21. Bxc7
Nxf2 22. Re1+ Kd7 23. Bb6 Ng4 24. Bc5 Bxc3 25. bxc3 Nd5 26. c4 Nxf4 27. Rxg4
Kc6 28. Rxf4 Kxc5 29. Re5+ Kd6 30. Rfe4 Ra7 31. c5+ Kc6 32. Rf4 Rg7 33. Rf6+
Kc7 34. Bxa6 Bxa6 35. Rxa6 Rb8 36. Ree6 Rf7 37. h4 Rf1+ 38. Kd2 Rf2+ 39. Ke3
Rf7 40. c6 Rbf8 41. Kd2 Rd8+ 42. Kc1 Kb8 43. Re5 Rdf8 44. Kb2 Kc7 45. Re6 Rb8+
46. Kc3 Rbf8 47. Kb4 Rf4+ 48. c4 Rb8+ 49. Kc3 Rf3+ 50. Kc2 Rc8 51. Re7+ Kd6 52.
Rd7+ Kc5 53. c7 Rh3 54. Rxh7 Re8 55. Ra5+ Kxc4 56. Ra4+ Kb5 57. Rd4 Rh2+ 58.
Kc3 Rh3+ 59. Rd3 Rxd3+ 60. Kxd3 Kc6 61. Kd4 Kb7 62. Kc5 Re2 63. Kd6 Rc2 64. Rd7
Rc1 65. Re7 Rc4 66. Rh7 1/2-1/2

[Event "18PCRE_F"]
[Site "?"]
[Date "2008.??.??"]
[Round "?"]
[White "Juhasz, Jozef"]
[Black "Bultman, Milan"]
[Result "0-1"]
[WhiteElo "2209"]
[BlackElo "2193"]
[PlyCount "58"]
[EventDate "2008.??.??"]
[EventType "corr"]

1. d4 Nf6 2. Nf3 d5 3. e3 c5 4. dxc5 e6 5. Qd4 Nc6 6. Bb5 Nd7 7. Bxc6 bxc6 8.
O-O Qc7 9. b4 a5 10. c3 e5 11. Qh4 Be7 12. Qg3 O-O 13. e4 dxe4 14. Bh6 Bf6 15.
Nfd2 Kh8 16. Bg5 Ba6 17. Re1 Bxg5 18. Qxg5 f5 19. Nb3 Rf6 20. a4 Bd3 21. Qd2
Rg6 22. Na3 f4 23. f3 Nf6 24. Nc1 Ba6 25. Kh1 Rd8 26. Qa2 exf3 27. gxf3 e4 28.
Ne2 exf3 29. Nd4 Be2 0-1

[Event "18PCRE_F"]
[Site "?"]
[Date "2008.??.??"]
[Round "?"]
[White "Juhasz, Jozef"]
[Black "Kyhos, Alois"]
[Result "0-1"]
[WhiteElo "2209"]
[BlackElo "2121"]
[PlyCount "174"]
[EventDate "2008.??.??"]
[EventType "corr"]

1. e4 e5 2. Nf3 Nc6 3. Bc4 Nf6 4. Ng5 d5 5. exd5 Na5 6. Bb5+ c6 7. dxc6 bxc6 8.
Qf3 Rb8 9. Bd3 h6 10. Ne4 Nd5 11. b3 Nb4 12. Bb2 Rb7 13. Bxe5 Re7 14. Bc3 Nxd3+
15. cxd3 Ba6 16. Bxa5 Qxa5 17. O-O Re6 18. Re1 Be7 19. Nbc3 O-O 20. a3 Rd8 21.
b4 Qe5 22. Re3 Qd4 23. Ng3 Rxe3 24. fxe3 Qxd3 25. Rf1 Qc4 26. Rf2 Bh4 27. Qh5
g6 28. Qe5 Qe6 29. Qf4 Bg5 30. Qe4 Bd3 31. Qf3 Bh4 32. Qf4 Bg5 33. Qc7 Rd7 34.
Qc8+ Kg7 35. Rf3 Be7 36. Nge2 Qd6 37. Nd4 Bf6 38. Rf4 Rc7 39. Qg4 h5 40. Qd1
Be5 41. Rh4 Qe7 42. g3 c5 43. bxc5 Qxc5 44. a4 a6 45. Qf3 Qa3 46. Qd1 Bf6 47.
Rf4 Bg5 48. Rf3 Be4 49. Kg2 Bb7 50. e4 Qe7 51. Qc2 Rd7 52. Nd5 Bxd5 53. exd5
Rxd5 54. Nb3 Re5 55. Qc4 Re2+ 56. Kg1 h4 57. Nc5 f5 58. Rf2 Re1+ 59. Kg2 a5 60.
Kh3 Qd6 61. Rf1 Re7 62. Nb3 hxg3 63. hxg3 Bxd2 64. Rf3 Bb4 65. Rd3 Qf6 66. Nd4
Re4 67. Qd5 Kh6 68. Kg2 Bc3 69. Nf3 Qb6 70. Qa2 Rb4 71. Kh3 Bb2 72. Nh2 Qb7 73.
Qe6 Qe4 74. Qxe4 Rxe4 75. Rd2 Bg7 76. Ra2 g5 77. Kg2 g4 78. Rf2 Kg5 79. Ra2 Be5
80. Nf1 Kf6 81. Ra3 Re2+ 82. Kh1 Bd4 83. Rd3 Ke5 84. Nd2 Be3 85. Nf1 Ke4 86.
Rd7 Kf3 87. Rf7 f4 0-1

[Event "18PCRE_F"]
[Site "?"]
[Date "2008.??.??"]
[Round "?"]
[White "Juhasz, Jozef"]
[Black "Pirhala, Ladislav"]
[Result "1-0"]
[WhiteElo "2209"]
[BlackElo "2176"]
[PlyCount "45"]
[EventDate "2008.??.??"]
[EventType "corr"]

1. e4 c6 2. d4 d5 3. e5 Bf5 4. Nf3 e6 5. Be2 Nd7 6. O-O Ne7 7. Nh4 Bg6 8. Nd2
c5 9. Nxg6 hxg6 10. c3 Nc6 11. Nf3 Be7 12. Be3 O-O 13. a3 a6 14. Re1 Qb6 15. b4
cxb4 16. axb4 Rfc8 17. Nd2 Qc7 18. Bd3 Na7 19. Rc1 Nb5 20. Qb3 Qxc3 21. Rxc3
Rxc3 22. Qb1 Bxb4 23. Bxb5 1-0